| 000 | 00659nam a22002537a 4500 | ||
|---|---|---|---|
| 001 | 0034690 | ||
| 003 | KOHA_MİRAKIL | ||
| 005 | 20260207002925.0 | ||
| 008 | 120103b2010 tu |||g|||||#||||0|tur | | ||
| 040 |
_aTR-BiSEU _btur _cTR-BiSEU _erda |
||
| 041 | 0 | _atur | |
| 044 | _ctu | ||
| 050 | 0 | 0 |
_aDVD _b34690 |
| 245 | 0 | _aSadeddin Kaynak . | |
| 264 | 1 |
_aAnkara : _bTRT _c2010 |
|
| 300 | _a2 adet müzik CD'si | ||
| 336 |
_adokunsal metin _btct _2rdacontent |
||
| 337 |
_aaracısız _bm _2rdamedia |
||
| 338 |
_acilt _bnc _2rdacarrier |
||
| 500 | _aMüzik Cd'si. | ||
| 650 | 0 |
_aMüzik--Türkiye. _939968 |
|
| 650 | 0 |
_aMusic--Turkey. _963331 |
|
| 856 | 4 | 0 | _uhttp://katalog-depo.bilecik.edu.tr/34690/ |
| 942 |
_2lcc _cNP |
||
| 999 |
_c34598 _d34598 |
||